| Tag |
First Indicator |
Second Indicator |
Subfields |
| LEADER |
00000cam a2200000 a 4500 |
| 001 |
in00000018787 |
| 005 |
20151007054049.0 |
| 008 |
850131s1930 enka b 00110 eng d |
| 035 |
|
|
|a (OCoLC)13465807
|
| 035 |
|
|
|9 AAB3862AM
|
| 040 |
|
|
|a RBN
|c RBN
|d TXA
|d UtOrBLW
|
| 049 |
|
|
|a TXAM
|c [A08397822]
|
| 050 |
|
4 |
|a GN455.S9
|b H25 1930b
|
| 100 |
1 |
|
|a Haddon, Kathleen.
|
| 245 |
1 |
0 |
|a Artists in string :
|b string figures : their regional distribution and social significance /
|c by Kathleen Haddon ; with a foreword by J.L. Myres.
|
| 264 |
|
1 |
|a London :
|b Methuen,
|c 1930.
|
| 300 |
|
|
|a 174, 8 pages :
|b illustrations ;
|c 19 cm.
|
| 336 |
|
|
|a text
|b txt
|2 rdacontent
|
| 337 |
|
|
|a unmediated
|b n
|2 rdamedia
|
| 338 |
|
|
|a volume
|b nc
|2 rdacarrier
|
| 504 |
|
|
|a Bibliography: pages 159-169.
|
| 500 |
|
|
|a Includes index.
|
| 650 |
|
0 |
|a String figures.
|
| 999 |
|
|
|a MARS
|
| 999 |
f |
f |
|s 40f8094d-106e-33fd-a7c1-dbee4caf83d9
|i 8d6d15ba-ca75-31b0-aeaf-528a94dfc987
|t 0
|
| 952 |
f |
f |
|p normal
|a Texas A&M University
|b College Station
|c Sterling C. Evans Library
|d Evans: Library Stacks
|t 0
|e GN455.S9 H25 1930b
|h Library of Congress classification
|i unmediated -- volume
|m A14808397822
|
| 998 |
f |
f |
|a GN455.S9 H25 1930b
|t 0
|l Evans: Library Stacks
|